00573nam a2200169Ia 4500003000900000008004100009040001600050080002200066110003300088245012800121260005000249300000900299500002800308650002800336650001800364650002100382IN-BaIIA211028s9999 xx 000 0 eng d cIIA Library a083.7:698.12bISI aIndian Standards Institution 0aIndian standard code of practice for painting of ferrous metals in buildingsbpt. 2, paintingcIndian Standards Institution aNew DelhibIndian Standards Institutionc1971 a30p. aIS 1477 : Part 2 : 1971 a Engineering-Standards a Standards  aNASA Thesaurus